00494nam a22001697a 450000500170000001000150001702000260003203500140005803700090007208200120008110000210009324500480011425000060016226000480016827000840021630000240030020250117102641.0 aENG-143390 c695.00a9788119670031 aEN-126922 bDBAD a363.325 aMukarji, Apratim00aReturn Of The Taliban/cby Apratim Mukarji  a1 aNew DelhibVitasta Publishing Pvt Ltdc2024 a4348/4C, Ansari Road, Darya GanjbNew Delhie110002minfo@vitastapublishing.com alii,292p.c22cm(Hb)